Digital Communications / (Record no. 188239)
[ view plain ]
| 000 -LEADER | |
|---|---|
| fixed length control field | 01519 a2200241 4500 |
| 003 - CONTROL NUMBER IDENTIFIER | |
| control field | Nust |
| 005 - DATE AND TIME OF LATEST TRANSACTION | |
| control field | 20230222113400.0 |
| 010 ## - LIBRARY OF CONGRESS CONTROL NUMBER | |
| LC control number | 00025305 |
| 020 ## - INTERNATIONAL STANDARD BOOK NUMBER | |
| International Standard Book Number | 0072321113 |
| 040 ## - CATALOGING SOURCE | |
| Transcribing agency | Nust |
| 082 00 - DEWEY DECIMAL CLASSIFICATION NUMBER | |
| Classification number | 621.382,PRO |
| 100 1# - MAIN ENTRY--PERSONAL NAME | |
| Personal name | Proakis, John G. |
| 9 (RLIN) | 662 |
| 245 10 - TITLE STATEMENT | |
| Title | Digital Communications / |
| Statement of responsibility, etc. | John G. Proakis. |
| 250 ## - EDITION STATEMENT | |
| Edition statement | 4th ed. |
| 260 ## - PUBLICATION, DISTRIBUTION, ETC. | |
| Place of publication, distribution, etc. | Boston : |
| Name of publisher, distributor, etc. | McGraw-Hill, |
| Date of publication, distribution, etc. | 2000. |
| 300 ## - PHYSICAL DESCRIPTION | |
| Extent | xxi, 1002 p. : |
| Other physical details | ill. ; |
| Dimensions | 24 cm. |
| 440 #0 - SERIES STATEMENT/ADDED ENTRY--TITLE | |
| Title | McGraw-Hill series in electrical and computer engineering |
| 9 (RLIN) | 34577 |
| 505 ## - FORMATTED CONTENTS NOTE | |
| Formatted contents note | Introduction (Page-1), Probability and Stochastic Processes (Page-17), Source Coding (Page-80), Characterization of Communication Signals and Systems (Page-148), Optimum Receivers for the Additive White Gaussian Noise Channel (Page-231), Carrier and Symbol Synchronization (Page-333), Channel Capacity and Coding (Page-376), Block and Convolutional Channel Codes (Page-416), Signal Design for Band Limited Channels (Page-548), Communication Through Band Limited Linear Filter Channels (Page-598), Adaptive Equalization (Page-660), Multichannel and Multicarrier Systems (Page-709), Spread Spectrum Signals for Digital Communications (Page-726), Digital Communications Through Fading Multipath Channels (Page-800), Multiuser Communications (Page-896). |
| 650 #0 - SUBJECT ADDED ENTRY--TOPICAL TERM | |
| Topical term or geographic name entry element | Digital communications. |
| 9 (RLIN) | 237 |
| 856 42 - ELECTRONIC LOCATION AND ACCESS | |
| Materials specified | Publisher description |
| Uniform Resource Identifier | <a href="http://www.loc.gov/catdir/description/mh021/00025305.html">http://www.loc.gov/catdir/description/mh021/00025305.html</a> |
| 856 42 - ELECTRONIC LOCATION AND ACCESS | |
| Materials specified | Table of contents |
| Uniform Resource Identifier | <a href="http://www.loc.gov/catdir/toc/mh021/00025305.html">http://www.loc.gov/catdir/toc/mh021/00025305.html</a> |
| 942 ## - ADDED ENTRY ELEMENTS (KOHA) | |
| Source of classification or shelving scheme | |
| Koha item type | Book |
| Withdrawn status | Lost status | Source of classification or shelving scheme | Damaged status | Not for loan | Permanent Location | Current Location | Shelving location | Date acquired | Full call number | Barcode | Date last seen | Price effective from | Koha item type | Public note |
|---|---|---|---|---|---|---|---|---|---|---|---|---|---|---|
| Military College of Signals (MCS) | Military College of Signals (MCS) | General Stacks | 12/12/2016 | 621.382,PRO | MCS30678 | 12/08/2016 | 12/12/2016 | Book | Almirah No.71, Shelf No.4 |
